Design and analysis of experiments (Record no. 61633)
[ view plain ]
| 000 -LEADER | |
|---|---|
| fixed length control field | 00687nam a22001937a 4500 |
| 003 - CONTROL NUMBER IDENTIFIER | |
| control field | NUST-PNEC |
| 005 - DATE AND TIME OF LATEST TRANSACTION | |
| control field | 20170116180726.0 |
| 008 - FIXED-LENGTH DATA ELEMENTS--GENERAL INFORMATION | |
| fixed length control field | 141106b xxu||||| |||| 00| 0 eng d |
| 040 ## - CATALOGING SOURCE | |
| Transcribing agency | PNEC |
| 082 ## - DEWEY DECIMAL CLASSIFICATION NUMBER | |
| Classification number | 001.434 DEA |
| 100 ## - MAIN ENTRY--PERSONAL NAME | |
| 9 (RLIN) | 931 |
| Personal name | Dean, Angela |
| 245 ## - TITLE STATEMENT | |
| Title | Design and analysis of experiments |
| Statement of responsibility, etc. | Angela Dean |
| 260 ## - PUBLICATION, DISTRIBUTION, ETC. | |
| Place of publication, distribution, etc. | New York : |
| Name of publisher, distributor, etc. | Springer , |
| Date of publication, distribution, etc. | 1999. |
| 300 ## - PHYSICAL DESCRIPTION | |
| Extent | xix, 740 pages : |
| Other physical details | illustrations. |
| Dimensions | 24 cm. |
| 500 ## - GENERAL NOTE | |
| General note | Includes Index |
| 651 ## - SUBJECT ADDED ENTRY--GEOGRAPHIC NAME | |
| General subdivision | MIS, Computer Science |
| 9 (RLIN) | 16355 |
| Geographic name | Experimental Method |
| 856 ## - ELECTRONIC LOCATION AND ACCESS | |
| Uniform Resource Identifier | <a href="http://www.amazon.com/Design-Analysis-Experiments-Dean/dp/8181284003/ref=sr_1_1?s=books&ie=UTF8&qid=1415259827&sr=1-1&keywords=8181284003">http://www.amazon.com/Design-Analysis-Experiments-Dean/dp/8181284003/ref=sr_1_1?s=books&ie=UTF8&qid=1415259827&sr=1-1&keywords=8181284003</a> |
| 942 ## - ADDED ENTRY ELEMENTS (KOHA) | |
| Source of classification or shelving scheme | |
| Koha item type | Book |
| Withdrawn status | Lost status | Source of classification or shelving scheme | Damaged status | Not for loan | Permanent Location | Current Location | Shelving location | Date acquired | Source of acquisition | Cost, normal purchase price | Total Checkouts | Full call number | Barcode | Date last seen | Cost, replacement price | Price effective from | Koha item type |
|---|---|---|---|---|---|---|---|---|---|---|---|---|---|---|---|---|---|
| Pakistan Navy Engineering College (PNEC) | Pakistan Navy Engineering College (PNEC) | 05/05/2008 | Royal Book Company | 1475.00 | 001.434 DEA | PNECLIB-028600 | 11/06/2014 | 1475.00 | 05/05/2008 | Book |
